Expedición de las cuevas de Cunday (Registro nro. 10019)

Detalles MARC
000 -CABECERA
Campo de control 004520000a22001450004500
090 ## - CLASIFICACIÓN LOCAL
Colección AR
Consecutivo 00931
041 0# - IDIOMA
Código de idioma para texto/pista de sonido o título separado
100 1# - ASIENTO PRINCIPAL--NOMBRE PERSONAL
Nombre personal Arciniegas de Giraldo, Julian
245 10 - MENCION DE TITULO
Título Expedición de las cuevas de Cunday
650 14 - ASIENTO SECUNDARIO DE MATERIA - TERMINO TEMATICO
Término temático o nombre geográfico como elemento de entrada Espeleología
650 14 - ASIENTO SECUNDARIO DE MATERIA - TERMINO TEMATICO
Término temático o nombre geográfico como elemento de entrada Cavernas
651 #4 - ASIENTO SECUNDARIO DE MATERIA - NOMBRE GEOGRAFICO
-- Cuevas del Cunday
-- Tolima
-- Colombia
773 1# - Item fuente:
Título Boletín de la Sociedad Geográfica de Colombia
Especificación de materiales 190
Descripción física 2
Paginas del Articulo 67-90
Lugar, editorial y fecha de publicación 1954
Información sobre la relación 12
942 ## - ELEMENTOS ADICIONALES (KOHA)
Tipo de ítem Artículo
Existencias
Withdrawn status Lost status Damaged status No para préstamo Colección Ubicación Permanente Ubicación actual Fecha de adquisición Fuente de Valor Datos de publicación Seriada Total Checkouts Número topográfico Inventario / Código de Barras Date last seen Ejemplar Price effective from Forma de adquisición Tipo de material
      No para Préstamo Hemeroteca Bogotá Bogotá 27/02/2015 Instituto de Ciencias Naturales Fuera de circulación   AR 00931 011228 25/03/2015 1 25/03/2015   Artículo